Malá československá encyklopédie. 2.díl. D-CH

Saved in:
Bibliographic Details
Format: Book
Language:Czech
Published: Praha : Academia, 1985
Edition:1.vyd.
Subjects:
Tags: Add Tag
No Tags, Be the first to tag this record!

MARC

LEADER 00000nam a22000003a 4500
001 stu38862
005 20150408180658.4
008 921127s1985----cs------------------cze-d
040 |a STU  |b slo 
041 0 |a cze 
044 |a cs 
080 |a 031 
245 |a Malá československá encyklopédie. 2.díl. D-CH 
250 |a 1.vyd. 
260 |a Praha :  |b Academia,  |c 1985 
300 |a 969 s 
650 7 |a encyklopédie všeobecné  |2 stusub 
996 |b 284M023375  |c M*468/2-2  |l MMKN  |s A  |a 24  |w stu38862_0001 
996 |b 284M033136  |c M*468/2-1  |l MMST  |s P  |a 0  |w stu38862_0002